[Event "Tch-CRO 1st Liga w 2017"]
[Site "Mali Losinj"]
[Date "2017.09.29"]
[Round "2.41"]
[White "Ivekovic, Ana"]
[Black "Krivec, Jana"]
[Result "1/2-1/2"]
[WhiteElo "2070"]
[BlackElo "2270"]
[PlyCount "117"]
[EventDate "2017.09.28"]
[EventType "team"]
[EventRounds "9"]
[EventCountry "CRO"]

1. d4 d6 2. c4 e5 3. Nc3 exd4 4. Qxd4 Nf6 5. Nd5 Nc6 6. Qd3 Ne5 7. Qc2 c6 8.
Nxf6+ Qxf6 9. Nf3 Be6 10. Nxe5 dxe5 11. c5 e4 12. Be3 O-O-O 13. g3 Qe5 14. Bg2
f5 15. O-O Be7 16. Rad1 g5 17. b4 Bf6 18. Bc1 h6 19. Ba3 Qc3 20. Qxc3 Bxc3 21.
Rc1 Bf6 22. Rc2 Rd7 23. g4 Rhd8 24. gxf5 Bxf5 25. Bc1 e3 26. Rc4 exf2+ 27. Kxf2
Be6 28. Rc2 Be5 29. Kg1 Rd1 30. Be3 Rxf1+ 31. Bxf1 Rd1 32. Rc1 Rxc1 33. Bxc1
Bxa2 34. Bd2 Kd7 35. Bh3+ Be6 36. Bg2 Bc4 37. Bf3 Ke6 38. Bg4+ Kf6 39. Bc8 b6
40. cxb6 axb6 41. Bd7 c5 42. bxc5 bxc5 43. Be3 Ke7 44. Bg4 Kd6 45. h3 Bb3 46.
Bh5 c4 47. Bf7 Kc6 48. Kg2 Kb5 49. h4 Bf4 50. Bxf4 gxf4 51. Kf3 Kb4 52. Kxf4 c3
53. Bg6 c2 54. Bxc2 Bxc2 55. h5 Kc5 56. Ke5 Bd1 57. Kf6 Bxe2 58. Kg7 Bxh5 59.
Kxh6 1/2-1/2

[Event "Tch-CRO 1st Liga w 2017"]
[Site "Mali Losinj"]
[Date "2017.09.29"]
[Round "2.42"]
[White "Starcevic, Andrea"]
[Black "Turk, Tajana"]
[Result "0-1"]
[WhiteElo "1879"]
[BlackElo "2018"]
[PlyCount "72"]
[EventDate "2017.09.28"]
[EventType "team"]
[EventRounds "9"]
[EventCountry "CRO"]

1. c4 Nf6 2. Nc3 g6 3. g3 Bg7 4. Bg2 O-O 5. Nf3 d5 6. cxd5 Nxd5 7. O-O c5 8. a3
Nc6 9. Qc2 Nxc3 10. bxc3 Bf5 11. e4 Be6 12. Rd1 Rc8 13. d3 b5 14. Rb1 b4 15. c4
Bg4 16. Re1 Bxf3 17. Bxf3 Bc3 18. Re3 Ne5 19. Bg2 Bd4 20. Re2 Nxd3 21. Rd2 Nxc1
22. Qxc1 a5 23. Rb3 a4 24. Rbd3 b3 25. Qe1 Qb6 26. Rd1 Qe6 27. Bf1 f5 28. Rxd4
cxd4 29. Rxd4 Rcd8 30. Qc3 Rxd4 31. Qxd4 Qxe4 32. Qc3 Rd8 33. Qc1 Qc2 34. Qe3
Kf7 35. Qh6 Rh8 36. Bg2 Qd1+ 0-1

[Event "Tch-CRO 1st Liga w 2017"]
[Site "Mali Losinj"]
[Date "2017.09.29"]
[Round "2.43"]
[White "Turk, Vesna"]
[Black "Tomulic, Vesna"]
[Result "1-0"]
[WhiteElo "1743"]
[BlackElo "1829"]
[PlyCount "59"]
[EventDate "2017.09.28"]
[EventType "team"]
[EventRounds "9"]
[EventCountry "CRO"]

1. d4 Nf6 2. Nf3 d5 3. Bg5 Ne4 4. Bf4 c5 5. e3 Qb6 6. b3 Bg4 7. Be2 Qa5+ 8.
Nfd2 Bxe2 9. Qxe2 g5 10. Be5 f6 11. Qh5+ Kd8 12. Bxb8 Rxb8 13. dxc5 e5 14. Qf7
Bxc5 15. Qxd5+ Nd6 16. O-O Ke7 17. Ne4 Nxe4 18. Qxe4 Rbd8 19. Qxb7+ Rd7 20. Qf3
Rhd8 21. c3 Bb6 22. h3 Kf7 23. b4 Qa4 24. Qf5 Kg7 25. Qe6 Rd1 26. Qb3 Qxb3 27.
axb3 Rxf1+ 28. Kxf1 Rd1+ 29. Ke2 Rg1 30. c4 1-0

[Event "Tch-CRO 1st Liga w 2017"]
[Site "Mali Losinj"]
[Date "2017.09.29"]
[Round "2.44"]
[White "Krajacic, Ivona"]
[Black "Dejanovic, Tereza"]
[Result "1-0"]
[WhiteElo "1589"]
[BlackElo "1808"]
[PlyCount "105"]
[EventDate "2017.09.28"]
[EventType "team"]
[EventRounds "9"]
[EventCountry "CRO"]

1. d4 d5 2. Bf4 e6 3. Nf3 Bd6 4. Bg3 Nf6 5. e3 O-O 6. Bd3 c5 7. c3 Nc6 8. Nbd2
Re8 9. Bxd6 Qxd6 10. dxc5 Qxc5 11. Nb3 Qb6 12. O-O e5 13. Be2 a5 14. a4 Be6 15.
Bb5 Bg4 16. h3 Bh5 17. g4 Bg6 18. Nbd2 Rad8 19. Qb3 Re7 20. Nh4 Be4 21. Nxe4
Nxe4 22. Qc2 g6 23. Rad1 Ng5 24. Kg2 e4 25. Rd2 Ne5 26. Qd1 Nef3 27. Nxf3 exf3+
28. Kh1 Qe6 29. Rd4 h5 30. h4 Ne4 31. Qxf3 hxg4 32. Qf4 Kg7 33. Bd3 Rh8 34.
Bxe4 Rxh4+ 35. Kg2 dxe4 36. Rh1 Rxh1 37. Kxh1 Re8 38. Kg2 Re7 39. Kg3 f5 40.
Qb8 Qg8 41. Qxg8+ Kxg8 42. Rd5 Kf7 43. Rxa5 Rc7 44. Rb5 Ke6 45. Rb6+ Kf7 46.
Kf4 Kg7 47. Kg5 Rf7 48. Rxg6+ Kf8 49. Kf4 Ke7 50. Rb6 Kd8 51. Rb5 Rd7 52. Kxf5
Rf7+ 53. Kxg4 1-0

[Event "Tch-CRO 1st Liga w 2017"]
[Site "Mali Losinj"]
[Date "2017.09.30"]
[Round "3.11"]
[White "Voiska, Margarita"]
[Black "Ivekovic, Ana"]
[Result "1/2-1/2"]
[WhiteElo "2272"]
[BlackElo "2070"]
[PlyCount "88"]
[EventDate "2017.09.28"]
[EventType "team"]
[EventRounds "9"]
[EventCountry "CRO"]

1. d4 Nf6 2. c4 e6 3. Nc3 Bb4 4. e3 Bxc3+ 5. bxc3 b6 6. Qf3 d5 7. cxd5 exd5 8.
Ba3 Ne4 9. Bd3 Bb7 10. Bxe4 dxe4 11. Qg3 Nd7 12. Qxg7 Qf6 13. Qxf6 Nxf6 14. c4
Rg8 15. g3 Rg5 16. c5 bxc5 17. Bxc5 Nd7 18. Nh3 Rf5 19. Bb4 Rb5 20. Bc3 Ba6 21.
Nf4 Rab8 22. O-O Nb6 23. Rfc1 Nc4 24. Be1 Rg5 25. h4 Rf5 26. g4 Rf6 27. Nd5 Rc6
28. Nb4 Rxb4 29. Bxb4 Rg6 30. g5 h6 31. Kh2 hxg5 32. hxg5 Rxg5 33. Rab1 Rf5 34.
Be1 Kd7 35. Rb4 Nd6 36. Rc5 Rf6 37. Ra4 Be2 38. Raa5 Rh6+ 39. Kg3 f6 40. Bb4
Rg6+ 41. Kh4 Rh6+ 42. Kg3 Rg6+ 43. Kh4 Rh6+ 44. Kg3 Rg6+ 1/2-1/2

[Event "Tch-CRO 1st Liga w 2017"]
[Site "Mali Losinj"]
[Date "2017.09.30"]
[Round "3.12"]
[White "Turk, Tajana"]
[Black "Franciskovic, Borka"]
[Result "0-1"]
[WhiteElo "2018"]
[BlackElo "2248"]
[PlyCount "80"]
[EventDate "2017.09.28"]
[EventType "team"]
[EventRounds "9"]
[EventCountry "CRO"]

1. d4 Nf6 2. Nf3 e6 3. e3 c5 4. c4 cxd4 5. Nxd4 Nc6 6. Nc3 Bb4 7. Bd2 O-O 8.
Qc2 Nxd4 9. exd4 d5 10. c5 b6 11. Na4 Bxd2+ 12. Qxd2 Ne4 13. Qc2 bxc5 14. Nxc5
Qa5+ 15. Kd1 Qb4 16. Nxe4 dxe4 17. Qd2 Qb6 18. Ke1 Rd8 19. Rd1 Bb7 20. Bc4 Rd6
21. Ke2 e3 22. Qxe3 Qxb2+ 23. Rd2 Qb4 24. Bd3 Qa5 25. Rc1 Qh5+ 26. f3 Qxh2 27.
Qg5 h6 28. Qg4 Rad8 29. Rdd1 h5 30. Qg5 Rd5 31. Qe3 Qxg2+ 32. Ke1 Rg5 33. Rc2
Qg1+ 34. Qxg1 Rxg1+ 35. Bf1 Ba6 36. Kf2 Rxf1+ 37. Rxf1 Bxf1 38. Kxf1 Rxd4 39.
Rc8+ Kh7 40. Rc7 Rf4 0-1

[Event "Tch-CRO 1st Liga w 2017"]
[Site "Mali Losinj"]
[Date "2017.09.30"]
[Round "3.13"]
[White "Cvitan, Ena"]
[Black "Turk, Vesna"]
[Result "1-0"]
[WhiteElo "2269"]
[BlackElo "1743"]
[PlyCount "55"]
[EventDate "2017.09.28"]
[EventType "team"]
[EventRounds "9"]
[EventCountry "CRO"]

1. d4 d5 2. c4 dxc4 3. e3 e5 4. Bxc4 exd4 5. exd4 Bb4+ 6. Nc3 Qe7+ 7. Nge2 Nf6
8. O-O O-O 9. Bg5 c6 10. d5 Qe5 11. Bf4 Qh5 12. Qd4 Nbd7 13. dxc6 Bc5 14. Qd2
bxc6 15. Ng3 Qh4 16. Be2 g6 17. Nge4 Nxe4 18. Nxe4 Bb6 19. Bf3 Nf6 20. Ng5 Ng4
21. Bg3 Qh6 22. Bxc6 Ba6 23. Bxa8 Bxf1 24. Rxf1 Rxa8 25. Qf4 Bxf2+ 26. Rxf2
Nxf2 27. Qxf7+ Kh8 28. Be5+ 1-0

[Event "Tch-CRO 1st Liga w 2017"]
[Site "Mali Losinj"]
[Date "2017.09.30"]
[Round "3.14"]
[White "Dejanovic, Tereza"]
[Black "Deur Saric, Zrinka"]
[Result "0-1"]
[WhiteElo "1808"]
[BlackElo "2152"]
[PlyCount "102"]
[EventDate "2017.09.28"]
[EventType "team"]
[EventRounds "9"]
[EventCountry "CRO"]

1. e4 c5 2. c3 d5 3. exd5 Qxd5 4. d4 g6 5. Nf3 Bg7 6. Be3 Nf6 7. Na3 cxd4 8.
Nb5 Na6 9. Nbxd4 O-O 10. Be2 e5 11. Nb3 Be6 12. O-O Ng4 13. Qc1 Nxe3 14. Qxe3
Nc7 15. Rfd1 Qc6 16. Na5 Qb6 17. Qxb6 axb6 18. Nc4 f6 19. Nxb6 Rxa2 20. Rxa2
Bxa2 21. Rd7 Ne6 22. Rxb7 Rd8 23. Ra7 Bb3 24. Ra8 Rxa8 25. Nxa8 Bh6 26. Nb6 e4
27. Nh4 Bc1 28. Bc4 Bxc4 29. Nxc4 Nc5 30. Kf1 Na4 31. Ke2 Nxb2 32. Nxb2 Bxb2
33. Kd2 Kf7 34. f3 g5 35. Nf5 exf3 36. gxf3 Ke6 37. Ne3 Ba3 38. Kd3 h5 39. Kd4
Bd6 40. h3 Be5+ 41. Kd3 f5 42. c4 Bb8 43. Kd4 Ba7+ 44. Kd3 Ke5 45. Ng2 Bc5 46.
Ne3 Kf4 47. Nxf5 Kxf5 48. h4 g4 49. Ke2 Kf4 50. fxg4 hxg4 51. Kf1 Kf3 0-1

[Event "Tch-CRO 1st Liga w 2017"]
[Site "Mali Losinj"]
[Date "2017.09.30"]
[Round "3.21"]
[White "Jacimovic, Sara"]
[Black "Kejzar, Petra"]
[Result "0-1"]
[WhiteElo "1975"]
[BlackElo "2021"]
[PlyCount "146"]
[EventDate "2017.09.28"]
[EventType "team"]
[EventRounds "9"]
[EventCountry "CRO"]

1. d4 g6 2. e3 Bg7 3. Bd3 d6 4. c4 e5 5. Bc2 Nc6 6. Nf3 Nge7 7. a3 a5 8. Nc3
Bg4 9. d5 Nb8 10. Ba4+ Bd7 11. O-O O-O 12. Bd2 Na6 13. Bxd7 Qxd7 14. Qc2 c6 15.
e4 cxd5 16. cxd5 b5 17. Rfc1 a4 18. b4 axb3 19. Qxb3 Nc5 20. Qb1 b4 21. Qxb4
Rfb8 22. Qc4 Nb3 23. a4 Nxc1 24. Bxc1 Qc8 25. Qd3 Rb3 26. Bd2 Bh6 27. Bxh6 Qxc3
28. Qxc3 Rxc3 29. a5 Rb3 30. Nd2 Rb4 31. f3 f5 32. Be3 Nc8 33. Kf1 Na7 34. Ke2
Nb5 35. Kd3 f4 36. Bb6 Rc8 37. a6 Nd4 38. Ba5 Rb5 39. Ra3 Nc2 40. Ra4 Ne1+ 41.
Ke2 Nxg2 42. a7 Ra8 43. Bc7 Rb7 44. Bxd6 Rbxa7 45. Rb4 Re8 46. Rb2 Ne3 47. Bc5
Ra1 48. Bxe3 fxe3 49. Kxe3 Re1+ 50. Kf2 Rc1 51. Nf1 Ra8 52. Ne3 h5 53. Nc2 Rc8
54. Ne1 Kg7 55. Rb6 Ra1 56. Re6 Ra2+ 57. Kg3 Rc1 58. Nd3 Rg1+ 59. Kh3 g5 60.
Rxe5 Ra3 61. Ne1 Rxe1 62. Rxg5+ Kf6 63. Rf5+ Ke7 64. Kh4 Rg1 65. f4 Rg2 66. h3
Rgg3 67. Kxh5 Rxh3+ 68. Kg6 Ra6+ 69. Kg7 Rg3+ 70. Kh7 Ra2 71. Rh5 Rag2 72. e5
Rg7+ 73. Kh8 Rf7 0-1

[Event "Tch-CRO 1st Liga w 2017"]
[Site "Mali Losinj"]
[Date "2017.09.30"]
[Round "3.22"]
[White "Kruljac, Petra"]
[Black "Videkovic, Marina"]
[Result "1-0"]
[WhiteElo "2065"]
[BlackElo "1850"]
[PlyCount "67"]
[EventDate "2017.09.28"]
[EventType "team"]
[EventRounds "9"]
[EventCountry "CRO"]

1. d4 Nf6 2. c4 e6 3. Nc3 d5 4. cxd5 exd5 5. Bg5 c6 6. Qc2 h6 7. Bh4 Be7 8. e3
Nbd7 9. Bd3 Nh5 10. Bxe7 Qxe7 11. O-O-O Nb6 12. h3 Nf6 13. Nf3 Be6 14. Kb1
O-O-O 15. Na4 Nxa4 16. Qxa4 Kb8 17. Rc1 Nd7 18. Rc3 Nb6 19. Qa5 f6 20. Ra3 Nc8
21. Rc1 Qc7 22. Qc3 Nd6 23. Nd2 Rhe8 24. Nb3 Bf5 25. Bxf5 Nxf5 26. Nc5 Nd6 27.
Rb3 Qf7 28. Qb4 Re7 29. a4 Qg6+ 30. Ka1 Qf7 31. a5 Nb5 32. a6 b6 33. Nb7 Rc7
34. Nxd8 1-0

[Event "Tch-CRO 1st Liga w 2017"]
[Site "Mali Losinj"]
[Date "2017.09.30"]
[Round "3.23"]
[White "Grgic, Neomi"]
[Black "Lukenda, Tina"]
[Result "1/2-1/2"]
[WhiteElo "1847"]
[BlackElo "2062"]
[PlyCount "76"]
[EventDate "2017.09.28"]
[EventType "team"]
[EventRounds "9"]
[EventCountry "CRO"]

1. e4 c6 2. Nc3 d5 3. Nf3 dxe4 4. Nxe4 Nf6 5. Qe2 Nxe4 6. Qxe4 Nd7 7. Bc4 e6 8.
d4 Nf6 9. Qe2 Be7 10. O-O O-O 11. Bf4 Nd5 12. Bg3 b5 13. Bb3 Bb7 14. c3 a6 15.
a4 Qb6 16. Ne5 Rad8 17. a5 Qa7 18. Rfd1 c5 19. Bc2 Nf6 20. dxc5 Qxc5 21. Bh4
Rd5 22. Bxf6 Bxf6 23. Nd7 Rxd7 24. Rxd7 Qc6 25. Rxb7 Qxb7 26. Rd1 g6 27. Be4
Qc7 28. Qf3 Be5 29. Bb7 Qxa5 30. Qe4 Rd8 31. Rxd8+ Qxd8 32. g3 Qd6 33. Bxa6
Qxa6 34. Qxe5 Qa1+ 35. Kg2 Qxb2 36. Qb8+ Kg7 37. Qe5+ Kg8 38. Qb8+ Kg7 1/2-1/2

[Event "Tch-CRO 1st Liga w 2017"]
[Site "Mali Losinj"]
[Date "2017.09.30"]
[Round "3.24"]
[White "Svaljek, Radmila"]
[Black "Raguz, Ivanka"]
[Result "0-1"]
[WhiteElo "1967"]
[BlackElo "1812"]
[PlyCount "62"]
[EventDate "2017.09.28"]
[EventType "team"]
[EventRounds "9"]
[EventCountry "CRO"]

1. d4 d5 2. Nf3 Nf6 3. Bg5 Ne4 4. Bf4 f6 5. h3 Nc6 6. e3 g5 7. Bh2 h5 8. Nfd2
Nxd2 9. Qxd2 Bf5 10. Bd3 Qd7 11. a3 O-O-O 12. Nc3 e5 13. Bxf5 Qxf5 14. O-O-O
exd4 15. exd4 Bh6 16. Kb1 g4 17. hxg4 hxg4 18. Qe2 Bg5 19. Nb5 Rhe8 20. Qf1 Re7
21. Bg3 a6 22. Nc3 Rde8 23. Qd3 Qd7 24. Na4 Na5 25. Nc5 Qc6 26. Rh7 Nc4 27.
Rxe7 Rxe7 28. Rh1 Nd2+ 29. Ka2 Ne4 30. Qe2 Nc3+ 31. bxc3 Rxe2 0-1

[Event "Tch-CRO 1st Liga w 2017"]
[Site "Mali Losinj"]
[Date "2017.09.30"]
[Round "3.31"]
[White "Repkova, Eva"]
[Black "Purgar, Ivona"]
[Result "1-0"]
[WhiteElo "2315"]
[BlackElo "2159"]
[PlyCount "75"]
[EventDate "2017.09.28"]
[EventType "team"]
[EventRounds "9"]
[EventCountry "CRO"]

1. b3 d5 2. Bb2 Bf5 3. Nf3 e6 4. e3 Nf6 5. Nh4 Bg4 6. Be2 Bxe2 7. Qxe2 Nbd7 8.
f4 Be7 9. O-O Ne4 10. Nf3 Bf6 11. Ne5 Bxe5 12. fxe5 Qg5 13. d3 Nec5 14. Nd2 f5
15. a4 Na6 16. Nf3 Qh6 17. Bc1 Qh5 18. e4 fxe4 19. dxe4 O-O 20. exd5 exd5 21.
Ba3 Rfe8 22. Qb5 Nxe5 23. Qxd5+ Qf7 24. Qxb7 Nxf3+ 25. Qxf3 Qxf3 26. Rxf3 Re2
27. Raf1 c5 28. R3f2 Rae8 29. h3 Nb4 30. Rxe2 Rxe2 31. Rf2 Re1+ 32. Kh2 Re5 33.
Rd2 a5 34. c3 Nd5 35. Bxc5 Nxc3 36. Rd8+ Kf7 37. Rf8+ Ke6 38. Bd4 1-0

[Event "Tch-CRO 1st Liga w 2017"]
[Site "Mali Losinj"]
[Date "2017.09.30"]
[Round "3.33"]
[White "Roklicer, Heike"]
[Black "Rozman, Monika"]
[Result "1-0"]
[WhiteElo "2044"]
[BlackElo "2194"]
[PlyCount "91"]
[EventDate "2017.09.28"]
[EventType "team"]
[EventRounds "9"]
[EventCountry "CRO"]

1. d4 Nf6 2. c4 e5 3. d5 Bc5 4. e3 d6 5. Nc3 a5 6. Bd3 O-O 7. h3 Na6 8. a3 Qe7
9. e4 Ne8 10. g4 Qh4 11. Qf3 c6 12. Nge2 Qf6 13. Qg3 Bd7 14. h4 Bxg4 15. Qxg4
Qxf2+ 16. Kd1 Nf6 17. Qg3 Qxg3 18. Nxg3 Ng4 19. Ke2 Ba7 20. Nf5 Nc5 21. Bc2
cxd5 22. cxd5 Rad8 23. Nb5 Bb8 24. Bd2 a4 25. Rhg1 h5 26. Bb4 b6 27. Bxc5 dxc5
28. Bxa4 g6 29. Ne7+ Kg7 30. Nc6 Rc8 31. Raf1 Bc7 32. d6 Bd8 33. Nxd8 Rcxd8 34.
Rd1 f5 35. Nc7 Kf6 36. Bb3 f4 37. Ne6 c4 38. Bxc4 Ne3 39. Nxf8 Nxc4 40. Rxg6+
Kf7 41. Ne6 Rxd6 42. Rxd6 Nxd6 43. Rh6 Nxe4 44. Ng5+ Kg7 45. Nxe4 Kxh6 46. Kf3
1-0

[Event "Tch-CRO 1st Liga w 2017"]
[Site "Mali Losinj"]
[Date "2017.09.30"]
[Round "3.34"]
[White "Blazeka, Ivana"]
[Black "Smetisko, Marija"]
[Result "0-1"]
[WhiteElo "1614"]
[BlackElo "1795"]
[PlyCount "53"]
[EventDate "2017.09.28"]
[EventType "team"]
[EventRounds "9"]
[EventCountry "CRO"]

1. e4 e5 2. Nf3 Nc6 3. Bc4 Bc5 4. c3 d6 5. d3 Nf6 6. O-O Ne7 7. Nbd2 h6 8. Bb3
g5 9. d4 exd4 10. Nxd4 Ng6 11. Bc2 Bd7 12. b4 Bb6 13. Nc4 Qe7 14. Nxb6 axb6 15.
Re1 Nh4 16. Nf5 Qe5 17. Bb2 Qf4 18. Nxh4 gxh4 19. Bc1 Qe5 20. Qd4 Qe7 21. Bb2
O-O-O 22. e5 dxe5 23. Rxe5 Be6 24. Qxh4 Rd2 25. Rc1 Qd8 26. c4 Rxc2 27. Rb1 0-1

[Event "Tch-CRO 1st Liga w 2017"]
[Site "Mali Losinj"]
[Date "2017.09.30"]
[Round "3.41"]
[White "Zarkovic, Mila"]
[Black "Bulmaga, Irina"]
[Result "0-1"]
[WhiteElo "2242"]
[BlackElo "2423"]
[PlyCount "94"]
[EventDate "2017.09.28"]
[EventType "team"]
[EventRounds "9"]
[EventCountry "CRO"]

1. e4 c5 2. Nf3 d6 3. d4 cxd4 4. Nxd4 Nf6 5. Nc3 a6 6. h3 e5 7. Nf3 Be7 8. Bc4
Be6 9. Bb3 O-O 10. O-O b5 11. Re1 Nbd7 12. Bxe6 fxe6 13. Ng5 Nc5 14. b4 h6 15.
bxc5 hxg5 16. cxd6 Bxd6 17. Bxg5 Bb4 18. Bd2 Rc8 19. Re3 Rc4 20. Qe1 Bc5 21.
Rd3 Qc7 22. Be3 Bb4 23. Bd2 Rc8 24. Nd1 Bxd2 25. Rxd2 Rxc2 26. f3 Qa5 27. Re2
Qa3 28. Rxc2 Rxc2 29. Nf2 Qc5 30. a3 Nh5 31. Rd1 Nf4 32. Rd2 Qc3 33. Rd8+ Kh7
34. Qxc3 Rxc3 35. g3 Ne2+ 36. Kg2 Rxa3 37. Rb8 Ra2 38. h4 a5 39. Rxb5 Nc3 40.
Rxe5 Nd1 41. f4 Rxf2+ 42. Kh3 a4 43. Ra5 Ra2 44. Kg4 Ne3+ 45. Kh5 Rg2 46. f5
Rxg3 47. Rxa4 Ng2 0-1

[Event "Tch-CRO 1st Liga w 2017"]
[Site "Mali Losinj"]
[Date "2017.09.30"]
[Round "3.42"]
[White "Berke, Ana"]
[Black "Sulc, Gordana"]
[Result "1/2-1/2"]
[WhiteElo "2169"]
[BlackElo "1848"]
[PlyCount "97"]
[EventDate "2017.09.28"]
[EventType "team"]
[EventRounds "9"]
[EventCountry "CRO"]

1. e4 c5 2. Nf3 d6 3. c3 Nf6 4. Be2 Bd7 5. e5 Nd5 6. exd6 e6 7. d4 Bxd6 8. Ne5
Bxe5 9. dxe5 Nc6 10. f4 Qa5 11. Na3 O-O 12. O-O Rad8 13. Qe1 a6 14. Qf2 Nce7
15. Nc4 Qc7 16. Ne3 Bc8 17. Nxd5 Nxd5 18. Be3 b6 19. Bf3 Bb7 20. a4 Nxe3 21.
Qxe3 Bxf3 22. Qxf3 Rd7 23. Rad1 h6 24. b4 Rfd8 25. h4 Rxd1 26. Rxd1 Rxd1+ 27.
Qxd1 cxb4 28. cxb4 Qe7 29. Qe1 Qd7 30. Qe3 b5 31. a5 Qe7 32. Qe1 h5 33. Kh2 Qb7
34. Kh3 g6 35. Qe3 Qc6 36. Qd4 Kg7 37. Kg3 Qb7 38. Kf2 Qc6 39. Kg3 Qb7 40. Kh3
Qc6 41. f5 gxf5 42. Qd2 Kh7 43. Qd6 Qc3+ 44. Kh2 f4 45. Qd7 Qg3+ 46. Kg1 Qe1+
47. Kh2 Qg3+ 48. Kg1 Qe1+ 49. Kh2 1/2-1/2

[Event "Tch-CRO 1st Liga w 2017"]
[Site "Mali Losinj"]
[Date "2017.09.30"]
[Round "3.43"]
[White "Mican, Karmela"]
[Black "Bogdanic, Katarina"]
[Result "1-0"]
[WhiteElo "1804"]
[BlackElo "1982"]
[PlyCount "87"]
[EventDate "2017.09.28"]
[EventType "team"]
[EventRounds "9"]
[EventCountry "CRO"]

1. e4 c5 2. Nf3 e6 3. g3 Nc6 4. Bg2 g6 5. c3 d5 6. exd5 exd5 7. O-O Bg7 8. Na3
Nge7 9. Nc2 d4 10. c4 O-O 11. d3 Be6 12. a3 a5 13. Re1 h6 14. Nd2 Rc8 15. Ne4
Ne5 16. Bf4 Qb6 17. Rb1 a4 18. h3 Rfd8 19. Bxe5 Bxe5 20. Qf3 Bg7 21. Nd2 Nc6
22. b4 Rc7 23. Ne4 Ne5 24. Nf6+ Bxf6 25. Qxf6 Nc6 26. bxc5 Qa5 27. Rb5 Qa8 28.
Qf4 Qc8 29. Qxh6 Bf5 30. Be4 Re8 31. Qf4 Bxh3 32. Rbb1 Rce7 33. Kh2 Kg7 34.
Bxc6 bxc6 35. Qxd4+ Kg8 36. Rxe7 Rxe7 37. Qh4 Re2 38. Ne3 Rxf2+ 39. Kg1 Re2 40.
Qf4 Qe6 41. Rb8+ Kg7 42. Qd4+ f6 43. Rb7+ Kf8 44. Qd8+ 1-0

[Event "Tch-CRO 1st Liga w 2017"]
[Site "Mali Losinj"]
[Date "2017.09.30"]
[Round "3.44"]
[White "Golub, Nikolina"]
[Black "Lijic, Kristina"]
[Result "1-0"]
[WhiteElo "1897"]
[BlackElo "1717"]
[PlyCount "71"]
[EventDate "2017.09.28"]
[EventType "team"]
[EventRounds "9"]
[EventCountry "CRO"]

1. d4 d5 2. c4 e6 3. g3 Nf6 4. Bg2 Nbd7 5. Nd2 c6 6. Ngf3 Bd6 7. O-O O-O 8. Qc2
e5 9. dxe5 Nxe5 10. Nxe5 Bxe5 11. Nf3 Qe7 12. Nxe5 Qxe5 13. Bf4 Qh5 14. f3 dxc4
15. e4 Qc5+ 16. Kh1 Be6 17. Qc3 Rfd8 18. Rfd1 h6 19. b4 Qf2 20. Bd6 Ne8 21. Rd2
Qb6 22. Bc5 Qc7 23. Bd4 Qe7 24. f4 b5 25. f5 Bd7 26. Rf1 f6 27. Bc5 Qf7 28.
Rfd1 a6 29. Qe3 Nc7 30. Bf3 a5 31. Bb6 Rac8 32. Bxa5 Qe7 33. Qf4 Qe5 34. Qxe5
fxe5 35. Rxd7 Re8 36. Bxc7 1-0

[Event "Tch-CRO 1st Liga w 2017"]
[Site "Mali Losinj"]
[Date "2017.09.30"]
[Round "4.11"]
[White "Purgar, Ivona"]
[Black "Zarkovic, Mila"]
[Result "1/2-1/2"]
[WhiteElo "2159"]
[BlackElo "2242"]
[PlyCount "72"]
[EventDate "2017.09.28"]
[EventType "team"]
[EventRounds "9"]
[EventCountry "CRO"]

1. e4 c5 2. Nf3 e6 3. d4 cxd4 4. Nxd4 Nf6 5. Nc3 d6 6. g3 Be7 7. Bg2 O-O 8. O-O
a6 9. Be3 Qc7 10. f4 Nc6 11. Kh1 Bd7 12. Nb3 b5 13. a3 Bc8 14. Qe2 Nd7 15. g4
Nb6 16. g5 Na4 17. f5 Nxc3 18. bxc3 exf5 19. exf5 Bb7 20. f6 Bd8 21. Nd4 Nxd4
22. Bxd4 g6 23. Rf4 Bxg2+ 24. Qxg2 Rc8 25. Qh3 Qc6+ 26. Kg1 h5 27. gxh6 Kh7 28.
Re1 Bb6 29. Rf2 Bc5 30. Re7 Qd5 31. Qe3 Qh5 32. Qe6 Qg5+ 33. Kf1 Qc1+ 34. Kg2
Qg5+ 35. Kf1 Qc1+ 36. Kg2 Qg5+ 1/2-1/2

[Event "Tch-CRO 1st Liga w 2017"]
[Site "Mali Losinj"]
[Date "2017.09.30"]
[Round "4.12"]
[White "Sulc, Gordana"]
[Black "Blazeka, Mihaela"]
[Result "1-0"]
[WhiteElo "1848"]
[BlackElo "2096"]
[PlyCount "63"]
[EventDate "2017.09.28"]
[EventType "team"]
[EventRounds "9"]
[EventCountry "CRO"]

1. e4 e5 2. Nf3 Nc6 3. Bb5 a6 4. Ba4 Nf6 5. O-O Be7 6. Re1 b5 7. Bb3 d6 8. c3
O-O 9. d3 Na5 10. Bc2 c5 11. Nbd2 Qc7 12. Nf1 Re8 13. h3 Nc6 14. Ng3 g6 15. Bg5
Kg7 16. Qd2 Ng8 17. Bxe7 Ngxe7 18. Qg5 Ng8 19. Bb3 h6 20. Qd2 Nge7 21. d4 Na5
22. Bxf7 Kxf7 23. Qxh6 Rf8 24. Ng5+ Ke8 25. Nh7 Rf7 26. Ng5 Rf6 27. Nh5 gxh5
28. Qxf6 exd4 29. cxd4 c4 30. d5 Bb7 31. e5 Rd8 32. Ne6 1-0

[Event "Tch-CRO 1st Liga w 2017"]
[Site "Mali Losinj"]
[Date "2017.09.30"]
[Round "4.13"]
[White "Rozman, Monika"]
[Black "Mican, Karmela"]
[Result "1-0"]
[WhiteElo "2194"]
[BlackElo "1804"]
[PlyCount "73"]
[EventDate "2017.09.28"]
[EventType "team"]
[EventRounds "9"]
[EventCountry "CRO"]

1. e4 e6 2. d4 d5 3. Nd2 b6 4. Bd3 Bb7 5. Ngf3 Nf6 6. e5 Nfd7 7. O-O c5 8. c3
Ba6 9. Bxa6 Nxa6 10. Re1 h6 11. Nf1 Nab8 12. h4 Nc6 13. h5 Rg8 14. c4 Ne7 15.
Ne3 cxd4 16. Nxd4 dxc4 17. Nxc4 Nd5 18. Nb5 Bc5 19. Qf3 Qe7 20. Ncd6+ Kf8 21.
Bf4 a6 22. Nc3 Nc7 23. Rad1 g5 24. hxg6 Rxg6 25. Nxf7 Qxf7 26. Bxh6+ Rxh6 27.
Qxf7+ Kxf7 28. Rxd7+ Kg6 29. Rxc7 Rah8 30. Kf1 Rh1+ 31. Ke2 R1h2 32. Ne4 Bd4
33. Rc6 Rxg2 34. Kf3 Rgh2 35. Rg1+ Kf7 36. Nd6+ Ke7 37. Rc7+ 1-0

[Event "Tch-CRO 1st Liga w 2017"]
[Site "Mali Losinj"]
[Date "2017.09.30"]
[Round "4.14"]
[White "Lijic, Kristina"]
[Black "Blazeka, Ivana"]
[Result "1/2-1/2"]
[WhiteElo "1717"]
[BlackElo "1614"]
[PlyCount "69"]
[EventDate "2017.09.28"]
[EventType "team"]
[EventRounds "9"]
[EventCountry "CRO"]

1. c4 e6 2. Nc3 Nf6 3. Nf3 d5 4. d4 b6 5. cxd5 exd5 6. Bg5 Bb7 7. Qa4+ Nbd7 8.
Ne5 Be7 9. a3 O-O 10. Nc6 Bxc6 11. Qxc6 h6 12. Bf4 Rc8 13. Nxd5 Nxd5 14. Qxd5
c6 15. Qf3 Nf6 16. e3 Nd5 17. Bg3 b5 18. Bd3 Qa5+ 19. Ke2 Rfe8 20. Be4 Rcd8 21.
Rac1 b4 22. axb4 Qxb4 23. Rc2 Bf6 24. Rb1 Bxd4 25. Rd1 Bxb2 26. Bxd5 Rxd5 27.
Rxd5 cxd5 28. Qxd5 Ba3 29. Rc7 Re7 30. Qa8+ Kh7 31. Qxa7 Qb2+ 32. Kf3 Qf6+ 33.
Ke2 Qb2+ 34. Kd3 Qb5+ 35. Kc2 1/2-1/2

[Event "Tch-CRO 1st Liga w 2017"]
[Site "Mali Losinj"]
[Date "2017.09.30"]
[Round "4.21"]
[White "Kejzar, Petra"]
[Black "Repkova, Eva"]
[Result "0-1"]
[WhiteElo "2021"]
[BlackElo "2315"]
[PlyCount "70"]
[EventDate "2017.09.28"]
[EventType "team"]
[EventRounds "9"]
[EventCountry "CRO"]

1. e4 e6 2. d4 d5 3. Nd2 Nf6 4. e5 Nfd7 5. Ngf3 c5 6. c3 Nc6 7. Bd3 g5 8. h3 h5
9. Nf1 Rg8 10. g4 cxd4 11. cxd4 Bb4+ 12. Bd2 Rh8 13. gxh5 Rxh5 14. Ng3 Rh8 15.
a3 Be7 16. Qc1 Qb6 17. Be3 Nf8 18. b4 Bd7 19. Kf1 Rg8 20. Kg2 Ng6 21. Bxg5 Nxd4
22. Bxe7 Nxe7 23. Ng5 Nb3 24. Qf4 Nxa1 25. Nxf7 Nb3 26. Nd6+ Kd8 27. Bh7 Re8
28. Rb1 Nd4 29. Rc1 Bc6 30. a4 Bxa4 31. Nh5 Bc6 32. Ng7 Rh8 33. Rd1 Kd7 34. Bb1
Rag8 35. Qf7 Rxg7+ 0-1

[Event "Tch-CRO 1st Liga w 2017"]
[Site "Mali Losinj"]
[Date "2017.09.30"]
[Round "4.22"]
[White "Medic, Mirjana"]
[Black "Kruljac, Petra"]
[Result "1/2-1/2"]
[WhiteElo "2128"]
[BlackElo "2065"]
[PlyCount "76"]
[EventDate "2017.09.28"]
[EventType "team"]
[EventRounds "9"]
[EventCountry "CRO"]

1. d4 d6 2. Nf3 Nf6 3. c4 Nbd7 4. Nc3 e5 5. g3 Be7 6. Bg2 O-O 7. O-O c6 8. e4
a6 9. h3 Re8 10. Be3 b5 11. cxb5 cxb5 12. a3 Bf8 13. Nd2 Bb7 14. d5 Rc8 15. Qe2
Nb6 16. Rfc1 Nfd7 17. b4 Nf6 18. Na2 Na4 19. Nb3 Rxc1+ 20. Rxc1 Qd7 21. Na5 Rc8
22. Rxc8 Bxc8 23. Qc2 Be7 24. Nc6 Bd8 25. Nxd8 Qxd8 26. Nc1 Nd7 27. Nb3 Ndb6
28. Na5 h6 29. Kh2 Bd7 30. Bf1 Qc8 31. Qxc8+ Bxc8 32. Be2 Kf8 33. Kg2 Ke8 34.
h4 Kd8 35. Kf1 Kc7 36. Ke1 f5 37. f3 fxe4 38. fxe4 Nc3 1/2-1/2